header

Schools as imagined communities (Record no. 87546)

MARC details
000 -LEADER
fixed length control field 01455nam a2200361Ia 4500
082 04 - DEWEY DECIMAL CLASSIFICATION NUMBER
Classification number 371.19/0973
245 00 - TITLE STATEMENT
Title Schools as imagined communities
250 ## - EDITION STATEMENT
Edition statement 1st ed.
260 ## - PUBLICATION, DISTRIBUTION, ETC. (IMPRINT)
Place of publication New York :
Name of publisher Palgrave Macmillan,
Year of publication 2006.
300 ## - PHYSICAL DESCRIPTION
Number of Pages x, 217 p.
650 #0 - SUBJECT ADDED ENTRY--TOPICAL TERM
Topical Term Community and school
Topical Term Education
700 1# - ADDED ENTRY--PERSONAL NAME
Personal name Cobb-Roberts, Deirdre.
Personal name Dorn, Sherman.
Personal name Shircliffe, Barbara J.
856 40 - ELECTRONIC LOCATION AND ACCESS
Uniform Resource Identifier http://site.ebrary.com/lib/rucke/Doc?id=10135628

No items available.

© 2026 Rongo University
Contact us: librarian | system librarian | Rongo university